Vista normal
Vista MARC
Entrada Topical Term
Número de registros utilizados en: 2
001 - CONTROL NUMBER
- control field: 25418
003 - CONTROL NUMBER IDENTIFIER
- control field: OSt
005 - DATE AND TIME OF LATEST TRANSACTION
- control field: 20230915231138.0
008 - FIXED-LENGTH DATA ELEMENTS
- fixed length control field: 230915|| aca||aabn | a|a d
040 ## - CATALOGING SOURCE
- Original cataloging agency: OSt
- Transcribing agency: OSt
150 ## - HEADING--TOPICAL TERM
- Topical term or geographic name entry element: NIÑOS - RECIEN NACIDOS - CUIDADOS E HIGIENE
670 ## - SOURCE DATA FOUND
- Source citation: Work cat.: (OSt)27350: Matiz de Luna, 25416, Embarazo feliz y cuidados del recien nacido . Curso psicoprofiláctico, Intermedio